书目信息 |
| 题名: |
秦始皇帝传
|
|
| 作者: | 马非百 编著 | |
| 分册: | ||
| 出版信息: | 南京 江苏古籍出版社 1985 |
|
| 页数: | 648页 | |
| 开本: | 20cm | |
| 丛书名: | ||
| 单 册: | ||
| 中图分类: | K827.33 , K827 | |
| 科图分类: | ||
| 主题词: | 帝王--生平事迹--中国--秦代 , 人物--传记--中国 | |
| 电子资源: | ||
| ISBN: | ||
| 000 | 00703nam0 2200265 45 | |
| 001 | 0185016123 | |
| 005 | 20040519145730.6 | |
| 010 | @dCNY4.80 | |
| 100 | @a19951106d1985 em y0chiy0121 ea | |
| 101 | 0 | @achi |
| 102 | @aCN@b320000 | |
| 105 | @ac z 000yy | |
| 106 | @ar | |
| 200 | 10 | @a秦始皇帝传@Aqin shi huang di zhuan@f马非百编著 |
| 210 | @a南京@c江苏古籍出版社@d1985 | |
| 215 | @a648页@c肖像@d20cm | |
| 600 | 0 | @a秦始皇@x生平事迹 |
| 606 | @a帝王@x生平事迹@y中国@z秦代 | |
| 606 | 0 | @a人物@x传记@x中国 |
| 690 | @aK827.33@v3 | |
| 690 | @aK827 | |
| 701 | 0 | @a马非百@4编著@Ama fei bai |
| 801 | 0 | @aCN@b深圳图书馆@c20040519 |
| 801 | 2 | @aCN@bNLC@c20040519 |
| 905 | @f2@b141585-586@dK827@e60 | |
| 秦始皇帝传/马非百编著.-南京:江苏古籍出版社,1985 |
| 648页:肖像;20cm |
| ISBN :CNY4.80 |
| ● |
| 相关链接 |
|
|
|
|
正题名:秦始皇帝传
索取号:K827/60
 
预约/预借
| 序号 | 登录号 | 条形码 | 馆藏地/架位号 | 状态 | 备注 |
| 1 | 0141585 | 000283534 | 密集书库/ [索取号:K827/60] | 在馆 | |
| 2 | 0141586 | 000283598 | 密集书库/ [索取号:K827/60] | 在馆 | |
| 3 | 0141587 | 000283605 | 第二样本阅览室/ [索取号:K827/60] | 在馆 |